00779nam a2200193 i 450000100060000000300090000600500170001500700030003200800410003510000500007624501350012625000670026126000290032830000220035770000380037985200310041799900170044895201200046541846ES-MaACL20231229063010.0t|030311s1978 sp ||||1| spa d1 aCastán Tobeñas, José,d1889-196993639210aDerecho civil español común y foral b: . Tomo sexto: derecho de sucesiones. Volumen tercero... / cJosé Castán Tobeñas. a8ª ed. rev. y puesta al día bpor José Luis de los Mozos. aMadrid : bReus, c1978. a418 p. ; c23 cm.1 aMozos, José Luis de los.984001 aES-MaACLjA-8184 bR.97007 c41846d41846 00104070aATENEOMbATENEOMcSPP1d2008-01-17eSCl0oA-8184p1044051r2023-02-23 00:00:00w2023-02-23yMONOGRAFIA